| 000 | 00668nam a22002297a 4500 | ||
|---|---|---|---|
| 003 | TZ-ArACH | ||
| 005 | 20251015152017.0 | ||
| 008 | 251015b |||||||| |||| 00| 0 eng d | ||
| 020 | _a9780813375823 | ||
| 020 |
_a9780367012199 _q(hbk) |
||
| 020 |
_a9780367162061 _q(pbk) |
||
| 040 |
_aLC _beng _cTZ-ArACH _dTZ-ArACH |
||
| 050 |
_aDT 38.9 .I8 _bO36 2018 |
||
| 100 | _aOjo, Olusola | ||
| 245 |
_aAfrica and Israel: _bRelations in perspective |
||
| 260 |
_aLondon (UK): _bRoutledge; _c2018. |
||
| 300 | _axiv, 181 p.: | ||
| 504 | _aIncludes index. | ||
| 650 | _aAfrica--Foreign relations--Israel | ||
| 650 | _aIsrael--Foreign relations--Africa | ||
| 942 |
_2lcc _cBOOK |
||
| 999 |
_c7636 _d7636 |
||